|
|
|
|
| LEADER |
01268nam a2200217 u 4500 |
| 001 |
10018934 |
| 003 |
GR-PaULI |
| 005 |
20250310134535.0 |
| 008 |
250310s1971 gr o 1 d gre d |
| 040 |
|
|
|a GR-PaULI
|c GR-PaULI
|b gre
|e AACR2
|
| 082 |
0 |
4 |
|a 889.234
|2 23
|
| 100 |
1 |
|
|a Ρώμας, Διονύσιος Α.,
|d 1906-1981,
|e συγγραφέας.
|9 57048
|
| 245 |
1 |
3 |
|a Το Ζαμπελάκι:
|b κωμωδία εις πράξεις 3 και εικόνες 7 /
|c Διον. Ρώμα ; βιογραφικό σημείωμα συγγραφέας Γιάννη Χρυσικόπουλου ; επιμέλεια Δημοσθένη Ζαδέ.
|
| 260 |
|
|
|a Ζάκυνθος :
|b Μέλλον,
|c 1971.
|
| 300 |
|
|
|a 120, [15] σ. ;
|b εικ. :
|c 23 εκ.
|
| 490 |
1 |
|
|a Βιβλιοθήκη Ζακυνθινών Μελετών Σειρά δευτέρα
|
| 700 |
1 |
|
|a Ζαδές, Δημοσθένης Δ.,
|d 1918-
|9 208769
|e επιμελητής.
|
| 830 |
|
0 |
|a Βιβλιοθήκη Ζακυνθινών Μελετών
|n Σειρά δευτέρα (Μέλλον)
|9 208770
|
| 942 |
|
|
|2 ddc
|c BK
|
| 952 |
|
|
|0 0
|1 0
|2 ddc
|4 0
|6 889_234000000000000_ΡΩΜ
|7 0
|9 388394
|a LISP
|b LISP
|c DON
|d 2025-03-10
|e ΜΑΡ
|i 095339
|l 0
|o 889.234 ΡΩΜ
|p 025000165980
|r 2025-03-10 13:45:02
|t 1
|w 2025-03-10
|y BKN
|
| 999 |
|
|
|c 225354
|d 225354
|